000 01011cab a2200289 4500
001 WB3113-03
008 090401t1995 xxu||||| |||| 00| 0 eng d
035 _a(Sirsi) u41007
041 _aeng
245 _aPersonal injury claims
260 _c1995
350 _a0
490 _aBuilding
_v260(13) 31 March 1995, 12(1)
520 _aUnder the CONDAM regulations, architects advising construction teams of potential safety hazards resulting from their design before work begins on site could be open to civil personal injury claims.
650 _aARCHITECTS
650 _aCONSTRUCTION (DESIGN AND MANAGEMENT) REGULATIONS 1994
650 _aCIVIL COMPENSATION CLAIMS
650 _aCONDAM REGULATIONS
650 _aCONSTRUCTION (DESIGN AND MANAGEMENT) REGULATIONS 1994
650 _aCRIMINAL PROSECUTION
650 _aNEGLIGENCE
650 _aPERSONAL INJURY CLAIMS
650 _aPLANNING SUPERVISORS
690 _aBUILT ENVIRONMENT-BUILDING STANDARDS
942 _n0
948 _c04/03/1997
999 _c26314
_d26314